zpět

Detail výsledku týmu

Jakoby Kavárna, Ostrov

Datum a čas kvízu

23.5 Celkem bodů Celkový počet nahraných bodů na tomto kvízu bez doplňovacích otázek.
7. Pořadí na kvízu Konečné umístění týmu na tomto kvízu.

Zaznamenané odpovědi

# Otázka Odpověď Body Výsledky
1. Jak se jmenuje světoznámá česk... Eva Jiřičná 0
2. Jedna světoznámá fontána je kv... v Římě 1
3. Který pár zvítězil minulý týde... Trabo, Kristi 0
4. Ruské úřady vyměřily minulý tý... Google 1
5. Pátý, rozhodující zápas finále... Los Angeles Dodgers 0
6. Pokud žijete v Dánsku, budete... skořicí 0
7. Ve které zemi má původ takovát... v Mexiku 1
8. Ve vesnici Castrillo de Murcía... C 0
9. Kousek od anglického města Glo... o sýr (kolo sýra) 0
10. I řada našich tradic může na c... Jízda králů 0